000 01247nam a2200253Ia 4500
001 18149
003 GE_BSU
008 181216s||||||||xx |||||||||||||| ||und||
020 _a978-99940-974-4-9
040 _cGE_BSU
080 _a811.13'362 + 811.353.1'362
100 _aჯაში, ქეთევან
245 _aრომანული და ქართული ენების შეპირისპირებითი ტიპოლოგია
245 _bფრანგ., ესპან. და იტალ. ენ. მასალაზე
260 _aთბილისი
260 _bხირონი
260 _c2008
300 _a216გვ. ; 20სმ.
300 _eბიბლიოგრ.: გვ. 213-214.
541 _h10 Gel.
653 _aრომანული და ქართული ენების შეპირისპირებითი ტიპოლოგია
653 _aრომანული ენების შედარებითი გრამატიკა; ქართული ენის შედარებითი გრამატიკა; ტიპოლოგიური ლინგვისტიკა
942 _cBK
999 _c51190
_d51190